| 000 | 00392pab a2200145 454500 | ||
|---|---|---|---|
| 008 | 180718b1999 xxu||||| |||| 00| 0 eng d | ||
| 100 | _aDickie, Paul | ||
| 245 | _aRebooting South-East Asia: causes, effects and remedies of crisis | ||
| 260 | _c1999 | ||
| 300 | _ap.1257-263 | ||
| 362 | _a22 May | ||
| 650 | _aEconomic recession | ||
| 773 | _aEconomic and Political Weekly | ||
| 909 | _a41056 | ||
| 999 |
_c41056 _d41056 |
||